[Event "Continental ch-Americas"]
[Site "Sao Paulo BRA"]
[Date "2009.07.31"]
[Round "8"]
[White "Corrales Jimenez,F"]
[Black "Granda Zuniga,J"]
[Result "1-0"]
[WhiteElo "2602"]
[BlackElo "2647"]

1.e4 e6 2.d4 d5 3.Nc3 Nf6 4.e5 Nfd7 5.f4 c5 6.Nf3 Nc6 7.Be3 a6 8.Qd2 b5 9.Be2 Be7
10.O-O O-O 11.a3 Bb7 12.dxc5 Nxc5 13.Rad1 Qc7 14.Qe1 Rac8 15.Qg3 Rfd8 16.f5 exf5
17.Nxd5 Rxd5 18.Rxd5 Ne4 19.Qf4 Nb4 20.axb4 Bxd5 21.Qxf5 Qxc2 22.Nd4 Qc7
23.e6 Nf6 24.Bf3 Bc4 25.exf7+ Bxf7 26.Rc1 Qxc1+ 27.Bxc1 Rxc1+ 28.Kf2 Bxb4
29.Nc6 Be1+ 30.Ke3 Kh8 31.Ne5 Bg8 32.g4 h6 33.Ng6+ Kh7 34.h4 Ba2 35.Ne5+ Kg8
36.Nd3 Rb1 37.g5  1-0

[Event "Continental ch-Americas"]
[Site "Sao Paulo BRA"]
[Date "2009.08.01"]
[Round "9"]
[White "Granda Zuniga,J"]
[Black "Diamant,A"]
[Result "1-0"]
[WhiteElo "2647"]
[BlackElo "2520"]

1.g3 g6 2.Bg2 Bg7 3.c4 Nf6 4.Nc3 O-O 5.e4 d6 6.d4 c5 7.d5 e6 8.Nge2 exd5
9.exd5 Na6 10.O-O Nc7 11.a3 Rb8 12.b4 b6 13.b5 Re8 14.Ra2 Bf5 15.f3 h5 16.h3 Ra8
17.Bf4 a6 18.g4 hxg4 19.fxg4 Be4 20.bxa6 Bxg2 21.Kxg2 Ne4 22.Nxe4 Rxe4 23.Qd3 Qe7
24.Bxd6 Rxe2+ 25.Rxe2 Qxd6 26.Qf3 f6 27.Qf4 Qxf4 28.Rxf4 Nxa6 29.Re7 Rd8
30.Rfe4 Bf8 31.Ra7 Nb8 32.g5 Nd7 33.Re6 Ne5 34.gxf6 Nxc4 35.Re8  1-0

[Event "Continental ch-Americas Playoff"]
[Site "Sao Paulo BRA"]
[Date "2009.08.02"]
[Round "2"]
[White "Friedel,J"]
[Black "Granda Zuniga,J"]
[Result "0-1"]
[WhiteElo "2547"]
[BlackElo "2647"]

1.e4 c6 2.d4 d5 3.exd5 cxd5 4.c4 Nf6 5.Nc3 Nc6 6.Bg5 Be6 7.a3 g6 8.Bxf6 exf6
9.c5 Bg7 10.Bb5 O-O 11.Nge2 f5 12.O-O Qf6 13.Bxc6 bxc6 14.f4 Bc8 15.Qd3 a5
16.b4 Ba6 17.b5 cxb5 18.Nxb5 a4 19.Rab1 Qc6 20.Nec3 Rab8 21.Rb4 Rb7 22.Re1 Bf6
23.Kh1 Kg7 24.Qb1 Rfb8 25.Na7 Rxb4 26.Nxc6 Rxb1 27.Rxb1 Rb3 28.Rxb3 axb3
29.Nd1 Bb5 30.Ne5 Bd8 31.Nb2 Ba5 32.c6 Kf8 33.a4 Ba6 34.Nd7+ Ke7 35.Nc5 Bc4
36.g3 Bb6 37.Kg2 Kd6 38.Kf3 Kxc6 39.Ke3 Bxc5 40.dxc5 Kxc5 41.a5 d4+ 42.Kd2 Kb5  0-1

[Event "Continental ch-Americas Playoff"]
[Site "Sao Paulo BRA"]
[Date "2009.08.02"]
[Round "5"]
[White "Granda Zuniga,J"]
[Black "Flores,Di"]
[Result "1/2-1/2"]
[WhiteElo "2647"]
[BlackElo "2579"]

1.d4 Nf6 2.c4 e6 3.Nc3 Bb4 4.e3 O-O 5.Bd3 d5 6.Nf3 c5 7.O-O Nc6 8.a3 Bxc3
9.bxc3 dxc4 10.Bxc4 Qc7  1/2-1/2

[Event "Continental ch-Americas"]
[Site "Sao Paulo BRA"]
[Date "2009.08.03"]
[Round "11"]
[White "Granda Zuniga,J"]
[Black "Flores,Di"]
[Result "1/2-1/2"]
[WhiteElo "2647"]
[BlackElo "2579"]

1.d4 Nf6 2.c4 e6 3.Nc3 c5 4.Nf3 cxd4 5.Nxd4 a6 6.e4 Qc7 7.Bd3 Be7 8.Be3 d6
9.O-O O-O 10.Rc1 b6 11.f3 Bb7 12.Re1 Nbd7 13.Bf1 Rac8 14.Qd2 Qb8 15.Kh1 Bd8
16.Qf2 Bc7 17.Qh4 Ne5 18.Qf2 Ned7 19.Qg1 Kh8 20.b4 Rg8 21.Nb3 g5 22.Bd4 Rg6
23.Nd2 Rcg8 24.g3 Rh6 25.Re2 Rgg6 26.Rce1 Kg8 27.Bg2 Ba8 28.b5 a5 29.Qf1 Rh5
30.Kg1 Nc5 31.Rf2 Nfd7 32.f4 gxf4 33.gxf4 f5 34.exf5 Rxf5 35.Nde4 d5 36.cxd5 Bxf4
37.Ng3 Rf8 38.Nce2 e5 39.Bxc5 Nxc5 40.Nc3 Bxg3 41.hxg3 Rxf2 42.Kxf2 Rf6+
43.Bf3 e4 44.Nxe4 Rxf3+ 45.Kxf3 Bxd5 46.Kg4 Qc8+ 47.Qf5 Be6 48.Nf6+ Kg7 49.Rxe6 Qxe6
50.Qxe6 Nxe6 51.Nd5 a4 52.Nxb6 Nd4 53.Nxa4 Nxb5 54.Nc5 Kf6 55.Kh5 Ke5 56.g4 Nc3
57.a3 Kd4 58.Nb3+ Kc4 59.Nd2+ Kb5 60.Kh6 Ka4 61.Kxh7 Nd5 62.g5 Kxa3 63.Kg6 Kb4
64.Ne4 Kc4 65.Nf6 Ne7+ 66.Kf7 Nf5 67.Ng8 Kd4 68.Ke6 Ke4 69.g6 Kf4  1/2-1/2

[Event "LIII TCh-ESP CECLUB Gp1"]
[Site "Lugo ESP"]
[Date "2009.09.20"]
[Round "1"]
[White "Illescas Cordoba,M"]
[Black "Granda Zuniga,J"]
[Result "1/2-1/2"]
[WhiteElo "2591"]
[BlackElo "2644"]

1.d4 Nf6 2.c4 e6 3.Nf3 b6 4.g3 Bb7 5.Bg2 Be7 6.O-O O-O 7.Nc3 Ne4 8.Nxe4 Bxe4
9.Ne5 Bxg2 10.Kxg2 c5 11.d5 d6 12.Nf3 Nd7 13.e4 a6 14.Qd3 exd5 15.exd5 b5
16.b3 Bf6 17.Rb1 Ne5 18.Nxe5 Bxe5 19.Bb2 Re8 20.Rfe1 Bxb2 21.Rxe8+ Qxe8 22.Rxb2 Qd7
23.Re2 Re8 24.Qf5 Qd8 25.Rxe8+ Qxe8 26.h4 bxc4 27.bxc4 h5 28.Kf3 Qa4 29.Qc8+ Kh7
30.Qf5+ Kg8 31.Qc8+ Kh7 32.Qf5+  1/2-1/2

[Event "LIII TCh-ESP CECLUB Gp1"]
[Site "Lugo ESP"]
[Date "2009.09.21"]
[Round "2"]
[White "Gelfand,B"]
[Black "Granda Zuniga,J"]
[Result "1/2-1/2"]
[WhiteElo "2756"]
[BlackElo "2644"]

1.d4 Nf6 2.c4 e6 3.Nf3 d5 4.g3 Be7 5.Bg2 O-O 6.O-O dxc4 7.Qc2 a6 8.Qxc4 b5
9.Qc2 Bb7 10.Bd2 Bd6 11.a3 Nbd7 12.b4 Ra7 13.a4 bxa4 14.Rxa4 Qa8 15.Na3 Ne4
16.Rb1 Nxd2 17.Qxd2 Rb8 18.Nc4 Nb6 19.Nxb6 cxb6 20.Rba1 Rc8 21.Ne1  1/2-1/2

[Event "LIII TCh-ESP CECLUB Gp1"]
[Site "Lugo ESP"]
[Date "2009.09.23"]
[Round "4"]
[White "Recuero Guerra,D"]
[Black "Granda Zuniga,J"]
[Result "1/2-1/2"]
[WhiteElo "2492"]
[BlackElo "2644"]

1.e4 e5 2.Nf3 Nc6 3.Bb5 Nf6 4.O-O Nxe4 5.Qe2 Nd6 6.Bxc6 dxc6 7.Qxe5+ Qe7
8.Qa5 Qd8 9.Qe5+ Qe7 10.Qa5 Qd8 11.Qe5+ Qe7 12.Qa5 Nc4 13.Qc3  1/2-1/2

[Event "LIII TCh-ESP CECLUB Gp1"]
[Site "Lugo ESP"]
[Date "2009.09.24"]
[Round "5"]
[White "Granda Zuniga,J"]
[Black "Gashimov,V"]
[Result "1/2-1/2"]
[WhiteElo "2644"]
[BlackElo "2740"]

1.d4 Nf6 2.c4 e6 3.Nc3 c5 4.Nf3 cxd4 5.Nxd4 Bb4 6.Qb3 Bc5 7.Be3 b6 8.f3 O-O
9.Rd1 Ba6 10.Bf2 Qc8 11.e3 Nc6 12.Ra1  1/2-1/2

[Event "Galicia Festival Blitz"]
[Site "Ourense ESP"]
[Date "2009.09.26"]
[Round "1"]
[White "Granda Zuniga,J"]
[Black "Santiso Becerra,P"]
[Result "1-0"]
[WhiteElo "2644"]
[BlackElo "1919"]

1.d4 Nf6 2.c4 e6 3.Nc3 d5 4.Bg5 Be7 5.e3 a6 6.Nf3 O-O 7.Qc2 dxc4 8.Bxc4 b5
9.Bd3 h6 10.Bxf6 Bxf6 11.Ne4 Be7 12.Rc1 c6 13.O-O Bb7 14.Ne5 Bd6 15.Nxd6 Qxd6
16.Be4 Nd7 17.Nxd7 Qxd7 18.Bxc6 Bxc6 19.Qxc6 Qxc6 20.Rxc6 Ra7 21.Rfc1 a5
22.Kf1 Rd8 23.Ke2  1-0

[Event "Galicia Festival Blitz"]
[Site "Ourense ESP"]
[Date "2009.09.26"]
[Round "2"]
[White "Vidal del Rio,M"]
[Black "Granda Zuniga,J"]
[Result "0-1"]
[WhiteElo "2163"]
[BlackElo "2644"]

1.e4 c6 2.d3 d5 3.Nd2 e5 4.Ngf3 Bd6 5.d4 exd4 6.exd5 cxd5 7.Bb5+ Nc6 8.Qe2+ Ne7
9.Nxd4 O-O 10.N2b3 Nxd4 11.Nxd4 Ng6 12.O-O Bxh2+ 13.Kxh2 Qh4+ 14.Kg1 Qxd4
15.Rd1 Qe4 16.Qxe4 dxe4 17.Bg5 Be6 18.Rd4 f5 19.Rad1 h6 20.Bd2 Rfd8 21.Ba5 Rxd4
22.Rxd4 Rc8 23.c3 Ne5 24.Bb4 Bxa2 25.Bd6 Bc4 26.Ba4 Nf7 27.Ba3 b5 28.Bc2 Be6
29.f3 a5 30.fxe4 b4 31.cxb4 Rxc2 32.exf5 Bxf5 33.bxa5 Bc8 34.Re4 Kh7 35.Re7 Kg6
36.b4 Ra2 37.Bc1 Ra1 38.Rc7 Ba6 39.Kh2 Ne5 40.Bf4 Nd3 41.Rc6+ Kf5 42.Bg3 Nxb4
43.Rb6 Ra4 44.Be1 Nd3 45.Rxa6 Nxe1 46.Ra7 g5 47.Ra6 h5 48.Ra8 Kg4 49.a6 Ra2
50.a7 Rxg2+ 51.Kh1 Ra2 52.Re8 Nf3 53.Re4+ Kg3 54.Re1 Rh2+  0-1

[Event "Galicia Festival Blitz"]
[Site "Ourense ESP"]
[Date "2009.09.26"]
[Round "3"]
[White "Granda Zuniga,J"]
[Black "Hoffman,A"]
[Result "1-0"]
[WhiteElo "2644"]
[BlackElo "2408"]

1.d4 c5 2.d5 g6 3.e4 d6 4.c4 Bg7 5.Bd3 Nf6 6.Nc3 O-O 7.Nf3 Bg4 8.h3 Bxf3
9.Qxf3 Nbd7 10.Qd1 e6 11.O-O exd5 12.cxd5 a6 13.a4 Ne8 14.Re1 Rb8 15.a5 Nc7
16.Bf1 Re8 17.Bf4 Qe7 18.Na4 Nb5 19.Rc1 Be5 20.Bd2 Nd4 21.b4 Rbc8 22.f4 Bg7
23.bxc5 Nxc5 24.Nxc5 dxc5 25.e5 Qd7 26.Bc4 Kh8 27.Rb1 Rb8 28.Rb6 Bf8 29.Bc3 Qc7
30.d6 Qd7 31.Bxd4 cxd4 32.Qxd4 Rbc8 33.Bd5 Rc2 34.e6+  1-0

[Event "Galicia Festival Blitz"]
[Site "Ourense ESP"]
[Date "2009.09.26"]
[Round "5"]
[White "Granda Zuniga,J"]
[Black "Gashimov,V"]
[Result "0-1"]
[WhiteElo "2644"]
[BlackElo "2740"]

1.Nf3 c5 2.g3 g6 3.Bg2 Bg7 4.d4 cxd4 5.Nxd4 Nc6 6.Nb3 Nf6 7.Nc3 O-O 8.O-O d6
9.h3 Bd7 10.e4 Rc8 11.Qe2 Ne5 12.Rd1 Qc7 13.g4 h6 14.g5 hxg5 15.Bxg5 Be6
16.Nd4 Qd7 17.Nxe6 Qxe6 18.Bxf6 Qxf6 19.Nd5 Qh4 20.c3 e6 21.Ne3 Rcd8 22.Ng4 f5
23.exf5 gxf5 24.Nxe5 Bxe5 25.Rd3 Kh8 26.f4 Bxf4 27.Qxe6 Rg8 28.Qe2 Rg7 29.Qf2 Qg5
30.Rf3 Rdg8 31.Rxf4 Qxg2+ 32.Qxg2 Rxg2+ 33.Kh1 Rxb2 34.Rxf5 Rg3 35.Rh5+ Kg7
36.a4 Rb3 37.Rg1 Rxg1+ 38.Kxg1 Rxc3 39.a5 Rc5 40.Rxc5 dxc5 41.Kf2 b5  0-1

[Event "Galicia Festival Blitz"]
[Site "Ourense ESP"]
[Date "2009.09.26"]
[Round "6"]
[White "Pena Gomez,M"]
[Black "Granda Zuniga,J"]
[Result "1-0"]
[WhiteElo "2439"]
[BlackElo "2644"]

1.c4 c6 2.Nf3 d5 3.g3 Nf6 4.Bg2 dxc4 5.Qc2 b5 6.Ne5 Bb7 7.a4 Qc7 8.d4 e6
9.O-O Bd6 10.Nc3 b4 11.Nb1 Bxe5 12.dxe5 Nd5 13.e4 Nb6 14.a5 N6d7 15.f4 Ba6
16.Rd1 Nc5 17.Nd2 b3 18.Qc3 Qd8 19.Bf1 Nxe4 20.Qe3 Nxd2 21.Bxd2 Qe7 22.Ra4 Bb5
23.Bb4 Qb7 24.Raa1 Na6 25.Bd6 O-O-O 26.Rac1 Nc7 27.Bxc4 Bxc4 28.Rxc4 Nd5
29.Qf3 Kd7 30.f5 h5 31.fxe6+ Kxe6 32.Rf1 g6 33.Rc5 f5 34.Rd1 Rhe8 35.Rd3 Kf7
36.Rxb3 Qd7 37.Rd3 Re6 38.Rdxd5 cxd5 39.Rc7 Kg8 40.Rxd7 Rxd7 41.Qxd5 Kf7
42.Qc6 Rde7 43.Qc8 Re8 44.Qd7+ Kg8 45.Qxa7  1-0

[Event "XIX Magistral"]
[Site "Pamplona ESP"]
[Date "2009.12.22"]
[Round "2"]
[White "Granda Zuniga,J"]
[Black "Recuero Guerra,D"]
[Result "1-0"]
[WhiteElo "2640"]
[BlackElo "2494"]

1.c4 Nf6 2.Nc3 e5 3.Nf3 Nc6 4.g3 Bb4 5.Bg2 O-O 6.O-O Re8 7.d3 h6 8.e4 d6
9.h3 a6 10.Be3 Bxc3 11.bxc3 b5 12.c5 Be6 13.cxd6 cxd6 14.Nd2 d5 15.Nb3 Qc8
16.Kh2 dxe4 17.dxe4 Rd8 18.Qc1 Qc7 19.Qa3 Bxb3 20.axb3 Rd3 21.Qb2 a5 22.Rfd1 Rxd1
23.Rxd1 Rd8 24.Rc1 Qb7 25.c4 Nb4 26.Qa1 bxc4 27.Rxc4 Nc6 28.Qa4 Rd6 29.Rc5 Qb4
30.Qxb4 axb4 31.Rc4 Nd7 32.Bf1 Kh7 33.Kg2 Kg6 34.f4 f6 35.Kf2 Kf7 36.h4 exf4
37.gxf4 g5 38.e5 fxe5 39.fxg5 hxg5 40.hxg5 Nd4 41.Rc7 Kg6 42.Bd3+ Kh5 43.Rc1 e4
44.Bxe4 Ne5 45.Bf4 Re6 46.Ke3 Ng6 47.Rh1+ Kg4 48.Rg1+ Kh5 49.Rh1+ Kg4 50.Kxd4 Nxf4
51.g6 Re7 52.Rh7 Ne6+ 53.Kc4 Ng7 54.Bd5 Kf5 55.Rxg7 Rxg7 56.Bf7 Ke5 57.Kc5 Kf6
58.Kxb4 Ke7 59.Kc5 Kd7 60.Kd5 Ke7 61.Ke5 Kf8 62.Ke6  1-0

[Event "XIX Magistral"]
[Site "Pamplona ESP"]
[Date "2009.12.25"]
[Round "5"]
[White "Granda Zuniga,J"]
[Black "Reinaldo Castineira,R"]
[Result "0-1"]
[WhiteElo "2640"]
[BlackElo "2488"]

1.Nf3 Nf6 2.c4 e6 3.Nc3 Bb4 4.g3 O-O 5.Bg2 Nc6 6.O-O d5 7.a3 Be7 8.d3 d4
9.Na4 a5 10.e3 dxe3 11.fxe3 e5 12.Qc2 Bg4 13.h3 Bh5 14.Nh4 Qd7 15.Nc3 a4
16.Nf5 Bg6 17.Bxc6 bxc6 18.Nxe7+ Qxe7 19.e4 Qd7 20.Kg2 Ne8 21.g4 h5 22.Qe2 hxg4
23.hxg4 f6 24.Be3 Kf7 25.Rh1 Nd6 26.Rh3 Nb7 27.Rg3 Nd8 28.g5 Ne6 29.Qg4 Rg8
30.Rf1 Raf8 31.gxf6 gxf6 32.Bh6 Rd8 33.Qh4 Qe7 34.Kf2 Rh8 35.Ke1 Rdg8 36.Ne2 Nc5
37.Rgf3 Nd7 38.Rh1 Rh7 39.Rg3 Qe8 40.Nc3 Nc5 41.Kd2 Qd8 42.Kc2 Rgh8 43.Nxa4 Rxh6
44.Qxh6 Rxh6 45.Rxh6 Nxa4 46.Rgxg6 Qd4 47.Kb3 Nc5+ 48.Ka2 Nxd3  0-1

[Event "XIX Magistral"]
[Site "Pamplona ESP"]
[Date "2009.12.27"]
[Round "7"]
[White "Granda Zuniga,J"]
[Black "Meier,Geo"]
[Result "1/2-1/2"]
[WhiteElo "2640"]
[BlackElo "2653"]

1.c4 e6 2.Nf3 Nf6 3.g3 d5 4.Bg2 dxc4 5.Qa4+ c6 6.Qxc4 b5 7.Qc2 Bb7 8.O-O Nbd7
9.a4 a6 10.Nc3 Be7 11.e4 O-O 12.e5 Nd5 13.Nxd5 cxd5 14.d4 bxa4 15.Qxa4 Nb8
16.Qb3 Bc6 17.Bd2 Bb5 18.Rfc1 Nc6 19.h4 Qb6  1/2-1/2

[Event "GMA"]
[Site "Nancy FRA"]
[Date "2010.02.22"]
[Round "1"]
[White "Granda Zuniga,J"]
[Black "Postny,E"]
[Result "1/2-1/2"]
[WhiteElo "2640"]
[BlackElo "2648"]

1.c4 c6 2.Nf3 d5 3.e3 Nf6 4.b3 Bf5 5.Bb2 e6 6.Be2 h6 7.O-O Bd6 8.d4 O-O 9.Nbd2 Nbd7
10.a3 Ne4 11.b4 Qe7 12.Nb3 dxc4 13.Bxc4 Nb6 14.Bd3 Na4 15.Qc2 Ng5 16.Nxg5 Bxd3
17.Qxd3 hxg5 18.Bc1 e5 19.Qc2 Nb6 20.dxe5 Bxe5 21.Bb2 Bxb2 22.Qxb2 Rad8  1/2-1/2

[Event "GMA"]
[Site "Nancy FRA"]
[Date "2010.02.23"]
[Round "2"]
[White "Ninov,N"]
[Black "Granda Zuniga,J"]
[Result "1-0"]
[WhiteElo "2511"]
[BlackElo "2640"]

1.e4 c6 2.d4 d5 3.Nc3 dxe4 4.Nxe4 Bf5 5.Ng3 Bg6 6.h4 h6 7.f4 Nf6 8.h5 Bh7
9.Nf3 e6 10.Bd3 Bxd3 11.Qxd3 Qa5+ 12.Bd2 Bb4 13.Qb3 Bxd2+ 14.Nxd2 Nbd7 15.O-O-O O-O
16.Nde4 Rfd8 17.Kb1 Qc7 18.Qf3 Nd5 19.c4 N5b6 20.b3 f5 21.Nf2 a5 22.a4 Nf8
23.Ne2 c5 24.g4 cxd4 25.Nxd4 Qc5 26.Nb5 Qb4 27.Qc3 Qxc3 28.Nxc3 Nbd7 29.gxf5 exf5
30.Nd5 Kh7 31.Rhe1 Re8 32.Nh1 Nc5 33.Ng3 Nxb3 34.Nxf5 Nd2+ 35.Ka2 Ne4 36.Rg1 Ne6
37.Rde1 N4c5 38.Nxg7 Nxg7 39.Nf6+ Kh8 40.Rg6 Nce6  1-0

[Event "GMA"]
[Site "Nancy FRA"]
[Date "2010.02.23"]
[Round "3"]
[White "Granda Zuniga,J"]
[Black "Milliet,S"]
[Result "1-0"]
[WhiteElo "2640"]
[BlackElo "2404"]

1.c4 c5 2.Nc3 Nc6 3.g3 g6 4.Bg2 Bg7 5.d3 d6 6.e4 e5 7.Nge2 Nge7 8.h4 Bg4
9.f3 Bd7 10.h5 O-O 11.hxg6 fxg6 12.Bg5 Qa5 13.Qd2 Rf7 14.f4 Nd4 15.Bxe7 Rxe7
16.Nxd4 cxd4 17.Nd5 Qxd2+ 18.Kxd2 Rf7 19.Bh3 Bxh3 20.Rxh3 h5 21.f5 Re8 22.Rf1 Bh6+
23.Ke2 Bg5 24.fxg6 Rxf1 25.Kxf1 Kg7 26.Rxh5 Kxg6 27.Rh2 Rf8+ 28.Rf2 Rh8 29.Kg2 Rc8
30.b4 b5 31.cxb5 Rc1 32.a4 Be3 33.Rf1 Rc2+ 34.Kh3 Rd2 35.a5 Rxd3 36.b6 axb6
37.axb6 Bf4 38.Nxf4+  1-0

[Event "GMA"]
[Site "Nancy FRA"]
[Date "2010.02.24"]
[Round "4"]
[White "Charnushevich,A"]
[Black "Granda Zuniga,J"]
[Result "0-1"]
[WhiteElo "2501"]
[BlackElo "2640"]

1.d4 d5 2.Nf3 Nf6 3.c4 c6 4.e3 Bf5 5.Bd3 e6 6.Bxf5 exf5 7.Qb3 Qb6 8.Nc3 dxc4
9.Qxc4 Bd6 10.Qd3 g6 11.e4 fxe4 12.Nxe4 Bb4+ 13.Bd2 Nbd7 14.Nxf6+ Nxf6 15.Qe2+ Kf8
16.O-O Bxd2 17.Qxd2 Kg7 18.Rfe1 Rhe8 19.h3 a5 20.Qc2 Nd5 21.a3 Qb5 22.Rad1 f6
23.Re4 Rxe4 24.Qxe4 Rc8 25.Qd3 Qxd3 26.Rxd3 Kf7 27.Kf1 Ke6 28.g3 Rc7 29.Ke2 h5
30.h4 Kf5 31.Rd1 a4 32.Kd3 Kg4 33.Nd2 Re7 34.Rg1 f5 35.Rc1 f4 36.Ne4 Kf3
37.Re1 Kg2 38.Rc1 f3 39.Rc2 Re6 40.Rd2 Nf6 41.Nc3 Re1 42.Rc2 Rf1 43.Ke3 Ng4+
44.Kf4 Rxf2  0-1

[Event "GMA"]
[Site "Nancy FRA"]
[Date "2010.02.25"]
[Round "5"]
[White "Granda Zuniga,J"]
[Black "Pelletier,Y"]
[Result "0-1"]
[WhiteElo "2640"]
[BlackElo "2602"]

1.d4 Nf6 2.c4 e6 3.Nf3 b6 4.g3 Ba6 5.Nbd2 d5 6.cxd5 exd5 7.Bg2 Bd6 8.O-O O-O
9.b3 Nbd7 10.Bb2 Re8 11.Re1 Bb7 12.a3 a5 13.e3 Rb8 14.Bf1 Ne4 15.Nxe4 dxe4
16.Nd2 Bd5 17.Rc1 c6 18.Nb1 Qe7 19.a4 Qe6 20.Bc4 Qh3 21.Re2 Nf6 22.Qf1 Qf5
23.Rec2 h5 24.Ba3 Re6 25.Bxd6 Rxd6 26.Nc3 h4 27.Nxd5 Nxd5 28.Bxd5 cxd5 29.Rc6 Rxc6
30.Rxc6 h3 31.Qd1 Qf3 32.Qf1 Qf5 33.Qd1 Qf3 34.Qf1 Qg4 35.f3 exf3 36.Kf2 g6
37.Qc1 Kg7 38.Qc2 Qe4 39.Qd1 b5 40.Qxf3 bxa4  0-1

[Event "GMA"]
[Site "Nancy FRA"]
[Date "2010.02.27"]
[Round "8"]
[White "Granda Zuniga,J"]
[Black "Brunner,N"]
[Result "1/2-1/2"]
[WhiteElo "2640"]
[BlackElo "2420"]

1.c4 c6 2.Nf3 d5 3.Qc2 Nf6 4.g3 dxc4 5.Qxc4 Bf5 6.Bg2 e6 7.Nh4 Bg6 8.Nxg6 hxg6
9.d4 Be7 10.e4 Nbd7 11.O-O O-O 12.Rd1 Rc8 13.Qe2 Qa5 14.Bd2 Qc7 15.Nc3 Rfe8
16.Rac1 Qb8 17.Be3 a6 18.a4 Bf8 19.f4 b5 20.e5 Nd5 21.Nxd5 cxd5 22.axb5 axb5
23.Bf1 b4 24.Qb5 Nb6 25.Bd2 Qa7 26.Ra1 Qb8 27.b3 Rc7 28.Rdc1 Rb7 29.Qa5 Nc8
30.Qa8 Ne7 31.Qxb8 Rexb8 32.g4 Rb6 33.Kf2 Nc6 34.Ke3 Be7 35.Kd3 Kf8 36.Ra4 Ke8
37.Rca1 Kd7 38.h3 Kc7 39.Bg2 Rb5 40.Be3 Kd7 41.Kc2 Bd8 42.Bf1 R5b7 43.Ra6 Rc8
44.Kb2 Bb6 45.Rc1 Rcc7 46.Rd1 Ba7 47.Raa1 Ne7 48.Rac1 Rxc1 49.Rxc1 Nc6 50.Rd1 Rb8
51.h4 Bb6 52.Bf2 Ba7 53.Rd2 Na5 54.Bd3 Nc6 55.Bc2 Ne7 56.Bd3 Nc6 57.Bf1 Na5
58.Be2 Kd8 59.Bd1 Rc8 60.Rd3 Nc6 61.Bc2 Na5 62.f5 gxf5 63.gxf5 exf5 64.h5 Nc6
65.Rd2 Ne7 66.Rd1 Ke8 67.Ra1 Rc7 68.Ra5 Nc6 69.Rxd5 Rd7 70.Rxd7 Kxd7 71.Bxf5+ Ke8
72.d5 Bxf2 73.dxc6 Bd4+ 74.Kc2 Bxe5 75.Kd3 Kd8  1/2-1/2

[Event "GMA"]
[Site "Nancy FRA"]
[Date "2010.02.28"]
[Round "9"]
[White "Solodovnichenko,Y"]
[Black "Granda Zuniga,J"]
[Result "1/2-1/2"]
[WhiteElo "2578"]
[BlackElo "2640"]

1.e4 e5 2.Nf3 Nc6 3.Bb5 a6 4.Ba4 Nf6 5.O-O Be7 6.Re1 b5 7.Bb3 O-O 8.c3 d6
9.h3 Na5 10.Bc2 c5 11.d4 Qc7 12.Nbd2 Bd7 13.Nf1 Rfe8 14.b3 c4 15.Ne3 Bd8
16.Ba3 cxb3 17.axb3 Qxc3 18.Bxd6 exd4 19.Nxd4 Nb7 20.Bf4 Bc7 21.Ne2 Qc6 22.Rc1 Bxf4
23.Nxf4 Qd6 24.Qf3 Nc5 25.Ned5 Nxd5 26.Nxd5 Be6 27.b4 Nd7 28.Bb3 Rac8 29.Rcd1 Qf8
30.Qg3 Bxd5 31.Bxd5 Nf6 32.Bb7 Rc4 33.e5 Nh5 34.Qf3 Nf4 35.Bxa6 Rxb4 36.Bb7 g6
37.Kh2 Re7 38.Bc6 Ne6 39.Qe3 Nc7 40.Rd6 h5 41.Qd2 Rc4 42.Rd8 Rxc6 43.Rxf8+ Kxf8
44.f4 Ne6 45.f5 gxf5 46.Qh6+ Kg8 47.Qxh5 Ng7 48.Qg5 Rce6 49.Re3 Re8 50.Qf4 b4
51.Rg3 Rg6 52.Rb3 Rge6 53.Re3 Rb8 54.Qc4 b3 55.Qc7 Reb6 56.Rg3 R8b7 57.Qc8+ Kh7
58.Qd8 b2 59.Qh4+ Rh6 60.Qg5 Rg6 61.Qh4+  1/2-1/2

[Event "XXXVII Open"]
[Site "La Roda Albacete ESP"]
[Date "2010.03.31"]
[Round "1"]
[White "Villasenor Rubio,E"]
[Black "Granda Zuniga,J"]
[Result "0-1"]
[WhiteElo "2055"]
[BlackElo "2643"]

1.e4 c5 2.Nf3 Nc6 3.d4 cxd4 4.Nxd4 e6 5.Nc3 Qc7 6.Be2 a6 7.O-O Nf6 8.Be3 Be7
9.Kh1 b5 10.a3 Bb7 11.f4 d6 12.Qe1 Na5 13.Bf3 Nc4 14.Bc1 O-O 15.b3 Nb6 16.Bb2 Nfd7
17.Rd1 Rfe8 18.Qg3 Bf8 19.Rd2 Nc5 20.Rfd1 Rad8 21.Ndxb5 axb5 22.Nxb5 Qb8
23.Nxd6 Rxd6 24.Rxd6 Nxe4 25.Bxe4 Bxe4 26.Be5 f6 27.Bxf6 Bxc2 28.R1d2 Nd5
29.Be5 Qc8 30.h3 Bg6 31.R2xd5 exd5 32.Rxd5 Bxa3 33.Qc3 Qe6 34.Qc7 Bf7 35.Rd8 Rxd8
36.Qxd8+ Bf8 37.b4 Qb3 38.Kh2 Qxb4 39.Qa8 Qe7 40.Qc8 h5 41.Qb8 h4 42.Qc7 Qxc7
43.Bxc7 Bc5 44.g3 Bf2 45.gxh4 Bxh4 46.Bb8 g6 47.Ba7 Bd5 48.Be3 Kf7 49.Ba7 Ke6
50.Bb8 Kf5 51.Bc7 Ke4 52.Bb8 Kf3 53.Bc7 Bg3+ 54.Kg1 g5 55.h4 gxh4  0-1

[Event "XXXVII Open"]
[Site "La Roda Albacete ESP"]
[Date "2010.04.01"]
[Round "2"]
[White "Granda Zuniga,J"]
[Black "Madina Yadarola,M"]
[Result "1-0"]
[WhiteElo "2643"]
[BlackElo "2251"]

1.Nf3 Nf6 2.g3 g6 3.Bg2 Bg7 4.c4 O-O 5.O-O d6 6.d4 Nbd7 7.b3 c6 8.Bb2 Qa5
9.Nc3 e5 10.e4 b5 11.cxb5 cxb5 12.Re1 Bb7 13.a3 Rac8 14.b4 Qb6 15.d5 a6 16.Nd2 h5
17.Qe2 Rc7 18.a4 Rfc8 19.axb5 axb5 20.Qxb5 Rxc3 21.Qxb6 Nxb6 22.Bxc3 Rxc3
23.Rec1 Rd3 24.Nc4 Bh6 25.Rc2 Nxc4 26.Rxc4 Rb3 27.Bf1 Nxe4 28.Rxe4 Bxd5 29.Bc4 Bxc4
30.Rxc4 Bd2 31.Ra7 Rxb4 32.Rcc7 h4 33.Kg2 hxg3 34.hxg3 e4 35.Rxf7 Rb8 36.Rg7+ Kf8
37.Raf7+ Ke8 38.Rf6 Bc3 39.Re6+ Kf8 40.Rgxg6 Be5 41.Rg4 Kf7 42.Rh6 d5 43.Rg5 Re8
44.Rf5+ Kg7 45.Rhh5 Bf6 46.Rxd5 e3 47.fxe3 Rxe3 48.Rhf5 Re6 49.Kf3 Kg6 50.Kg4 Ra6
51.Rf4 Rb6 52.Ra4 Rc6 53.Rda5 Rc1 54.Ra6 Kg7 55.Rb6 Rc7 56.Raa6 Be5 57.Kh5 Kf7
58.g4 Bg7 59.Rb5 Bd4 60.Kh6 Bg7+ 61.Kh7 Rd7 62.Rf5+  1-0

[Event "XXXVII Open"]
[Site "La Roda Albacete ESP"]
[Date "2010.04.03"]
[Round "6"]
[White "Granda Zuniga,J"]
[Black "Paunovic,D"]
[Result "1-0"]
[WhiteElo "2643"]
[BlackElo "2551"]

1.d4 Nf6 2.c4 g6 3.Nc3 Bg7 4.e4 d6 5.Nf3 O-O 6.Be2 e5 7.O-O c6 8.Be3 exd4
9.Bxd4 Re8 10.Nd2 a6 11.a4 a5 12.Re1 Na6 13.Bf1 Be6 14.h3 Nb4 15.Nf3 Qc7
16.Qd2 Rad8 17.b3 Nd7 18.Bxg7 Kxg7 19.Qb2 f6 20.Re3 Bf7 21.Rae1 Na6 22.Ne2 Nac5
23.Ng3 Qb6 24.Qc3 Qb4 25.Qxb4 axb4 26.Nd4 Nb8 27.Be2 Ne6 28.Nc2 c5 29.Bg4 Nc7
30.h4 Nc6 31.f4 Kf8 32.Nf1 Be6 33.Bf3 Bf7 34.g3 Ne6 35.Rd3 Ned4 36.Nxd4 Nxd4
37.Rxd4 cxd4 38.Rd1 Bxc4 39.bxc4 Ra8 40.Ra1 Ra5 41.Nd2 Rea8 42.Bd1 b5 43.cxb5 Rxb5
44.Nb3 Rbb8 45.Nxd4 Rc8 46.Nb5 Rc5 47.Rb1 Rac8 48.Rxb4 Rc4 49.Rb2 Ke7 50.Rd2 R8c6
51.Kf2 Rc1 52.Be2 Ra1 53.Nd4 Rc3 54.Bb5 Raa3 55.Ne2 Rf3+ 56.Kg2 Rfe3 57.Rd4 h5
58.Kf2 Rf3+ 59.Ke1 Ra1+ 60.Rd1 Ra2 61.Rc1 Re3 62.Kf1 Rf3+ 63.Ke1 Re3 64.Rc7+ Kf8
65.Rd7 Rxe4 66.Rxd6 Kg7 67.Rd7+ Kf8 68.Kf2 Rb4 69.Ke3 Rb3+ 70.Rd3 Rxd3+ 71.Kxd3 Ke7
72.Ke3 Ra3+ 73.Kd4 Kd6 74.Nc3 Ra1 75.Be8  1-0

[Event "XXXVII Open"]
[Site "La Roda Albacete ESP"]
[Date "2010.04.03"]
[Round "7"]
[White "Diamant,A"]
[Black "Granda Zuniga,J"]
[Result "1-0"]
[WhiteElo "2486"]
[BlackElo "2643"]

1.e4 c6 2.d4 d5 3.exd5 cxd5 4.c4 Nf6 5.Nc3 e6 6.Nf3 Bb4 7.cxd5 Nxd5 8.Qc2 Nc6
9.Be2 O-O 10.O-O Re8 11.a3 Bf8 12.Qe4 Bd7 13.Re1 Nf6 14.Qh4 Ne7 15.Bg5 Nf5
16.Qf4 Bc6 17.Rad1 h6 18.Bxf6 Qxf6 19.Ne5 Red8 20.Bc4 Nd6 21.Qxf6 gxf6 22.Nxc6 bxc6
23.Bd3 f5 24.Be2 Bg7 25.Rd2 a5 26.Bf3 Rac8 27.Ne2 Nb5 28.Red1 Rd6 29.Kf1 Kf8
30.a4 Nc7 31.Rc1 Na6 32.Rdc2 Nb4 33.Rc5 Bxd4 34.Nxd4 Rxd4 35.Rxa5 Rcd8 36.Ra7 Rd2
37.Rb1 Nd3 38.Bxc6 e5 39.a5 e4 40.Ra8 Rxa8 41.Bxa8 Rxf2+ 42.Kg1 Rd2 43.a6 Nc5
44.a7 Rd7 45.Bb7  1-0

[Event "XXXVII Open"]
[Site "La Roda Albacete ESP"]
[Date "2010.04.04"]
[Round "8"]
[White "Granda Zuniga,J"]
[Black "Bruzon Batista,L"]
[Result "1/2-1/2"]
[WhiteElo "2643"]
[BlackElo "2641"]

1.d4 d5 2.c4 c6 3.Nc3 Nf6 4.Nf3 dxc4 5.a4 e6 6.e4 Bb4 7.e5 Nd5 8.Bd2 b5 9.Be2 Be7
10.Ne4 Nd7 11.Bg5 f6 12.exf6 N7xf6 13.Nc5 O-O 14.O-O Qc7 15.Bh4 Bxc5  1/2-1/2

[Event "30th Open"]
[Site "Benasque ESP"]
[Date "2010.07.12"]
[Round "5"]
[White "Granda Zuniga,J"]
[Black "Gomez Esteban,J"]
[Result "1/2-1/2"]
[WhiteElo "2639"]
[BlackElo "2485"]

1.Nf3 d5 2.g3 c5 3.c4 d4 4.Bg2 Nc6 5.O-O e5 6.e3 Nf6 7.exd4 exd4 8.d3 Be7
9.Na3 O-O 10.Nc2 Bf5 11.Re1 Qd7 12.b3 Rae8 13.Bb2 Bd6 14.Rxe8 Rxe8 15.b4 b6
16.b5 Na5 17.Qd2 Ne4 18.Qd1 Nf6 19.Bc1 h6 20.Nce1 Qe6 21.Bd2 Ng4 22.Nh4 Bh7
23.Bxa5 bxa5 24.Bd5 Qc8 25.Qd2 g5 26.Nhf3 Qf5 27.Rd1 Bc7 28.Ng2 Nf6 29.Bb7 Bg6
30.Nfe1 Bh5 31.f3 Bg6 32.Nc2 Kg7 33.Bc6 Re6 34.Qf2 Qh3 35.Nge1 h5 36.Rd2 h4
37.g4 Bf4 38.Qg2 Qxg2+ 39.Rxg2 h3 40.Rf2 Kf8 41.Kf1 a4 42.Be4 a6 43.Bc6 Ke7
44.Na3 Bc1 45.Nb1 axb5 46.Bxb5 a3 47.Nd2 Bxd2 48.Rxd2 Re3 49.Re2 Rxe2 50.Kxe2 Ng8
51.Bc6 f5 52.Kf2 f4 53.Ke2 Kd6 54.Ba4 Ne7 55.Nc2 Bh7 56.Be8 Nc8 57.Nxa3 Ke7
58.Bc6 Nd6 59.Bd5 Bg6 60.Nb1 Be8 61.Kd2 Ba4 62.Kc1 Kd7 63.Nd2 Kc7 64.Kb2 Bd1
65.Be4 Kb6 66.Bg6 Ka5 67.Kc1 Ba4 68.a3 Kb6 69.Ne4 Nxe4 70.dxe4 Bc6 71.Bf7 Kc7
72.Bd5 Ba4 73.e5 Kd7 74.Kd2 Ke7 75.Kd3 Be8 76.Ke2 Ba4 77.Kd2 Bb3 78.Kd3 Ba4
79.Kd2 Bb3 80.Kc1 Ba4 81.Kb2 Kd7 82.Kc1 Ke7 83.Kd2 Bb3 84.Kd3 Ba4 85.Bg8 Bc6
86.Bd5 Ba4 87.Kd2 Bb3 88.Kd3 Ba4 89.Kd2  1/2-1/2